Who's who der schweizer ethnologie = Who's who de l'ethnologie suisse

Αποθηκεύτηκε σε:
Λεπτομέρειες βιβλιογραφικής εγγραφής
Άλλοι συγγραφείς: Rey, Severine (Επιμελητής έκδοσης)
Μορφή: Βιβλίο
Γλώσσα:German
French
Δημοσίευση: Berne : Societe Suisse d'Ethnologie, Schweizerische Ethnologische Gesellschaft, 1995.
Σειρά:Ethnologica Helvetica ; ; 19
Θέματα:
Ετικέτες: Προσθήκη ετικέτας
Δεν υπάρχουν, Καταχωρήστε ετικέτα πρώτοι!

MARC

LEADER 00000cam a2200000 i 4500
001 1/9475
008 970228s1995####sz | | ||| |||| ||ger||
020 |a 3-908111-06-4 
035 |l 10017486 
040 |a GR-MY-UA  |b gre  |e aacr 
041 0 |a ger  |a fre 
082 0 |a 305.8494025  
245 1 0 |a Who's who der schweizer ethnologie =   |b Who's who de l'ethnologie suisse /   |c Edite par Severine Rey.  
246 1 |i Παράλληλος τίτλος:   |a Who's who de l'ethnologie Suisse  
260 |a Berne :   |b Societe Suisse d'Ethnologie,   |b Schweizerische Ethnologische Gesellschaft,   |c 1995.  
300 |a 228 p.  
490 1 |a Ethnologica Helvetica   |v ; 19  
504 |a Includes index: p.269-290.  
650 0 0 |a Ethnology  |z Switzerland  |x Directories. 
700 1 |a Rey, Severine.  |4 edt 
830 0 |a Ethnologica Helvetica ;  |v ; 19 
852 |a INST  |b LESVOS  |e 19970228  |h 305.8494025 WHO  |p 005100011918  |q 005100011918  |t BK  |y 0 
909 |a Λ  |b 049695 
970 |z 2000/05/ΟΙΚΟΝΟΜΟΠΟΥΛΟΥ ΧΡΙΣΤΙΝΑ